000 00884cam a22002897a 4500
003 CHAP
005 20220329134514.0
008 971013s1969 r 00010 d
010 _a21328
011 _a22300
035 _a26394
040 _cCHAP
090 _aFolleto 1104
100 0 0 _aBorlaug, Norman Ernest.
_913901
245 1 4 _aThe wheat improvement programm, West Pakistan ; a progress report
260 _aLahore :
_bThe Ford Foundation,
_c1969
300 _a21 p.
590 _aBATCH-UPD
_b10
_c20130110
_lUCH01
_h1840
590 _aBATCH-UPD
_b10
_c20130410
_lUCH01
_h1211
590 _aBATCH-UPD
_b10
_c20130914
_lUCH01
_h1836
590 _aCONVERSION
_b10
_c20130109
_lUCH01
_h1313
650 1 4 _aTrigo
_xMejoramiento.
_9115057
700 0 _aNarváez Morales, Ignacio.
_980253
901 _aBK
942 _cFOLL
949 _aFolleto 1104
_bBC
_cFOLL
_d-60876
_eTS1
_i26394
_si
999 _c21328
_d21328